000 00740nam a2200193Ia 4500
003 GCL
008 140319s9999 xx 000 0 ara d
040 _aGCL /
_cGCL
082 0 4 _a010
_bك ع
100 1 _aكمال عرفات نبهان
245 1 0 _aالعلاقات بين النصوص فى التأليف العربى : دراسة على تفارع النصوص العربية:منهج جديد لعلم الببليوجرافيا التكوينية /
_cكمال عرفات نبهان
260 _a[S.N] :
_bالعربى للنشر والتوزيع ،
_c1992
300 _a437ص
490 _a
650 0 4 _aالببليوجرافيات
650 0 4 _aالمكتبات
650 0 4 _aالببليوجرافيا
942 _2ddc
_cBK
999 _c28659
_d28659